| 000 | 00750cab a2200241 4500 | ||
|---|---|---|---|
| 001 | WB3433-40 | ||
| 008 | 090401t1998 xxu||||| |||| 00| 0 eng d | ||
| 035 | _a(Sirsi) u88154 | ||
| 041 | _aeng | ||
| 245 | _aCouncil house improvements | ||
| 260 | _c1998 | ||
| 350 | _a0 | ||
| 490 |
_aFinancial Times _v25 August 1998, 7(1) |
||
| 520 | _aThe Chartered Institute of Housing has warned that the government is being too ambitious in its aims for improving 1.5m council homes by releasing £3.6bn in council capital receipts. | ||
| 650 | _aCAPITAL RECEIPTS | ||
| 650 | _aCOUNCIL HOUSES | ||
| 650 | _aHOUSE CONDITION SURVEY | ||
| 650 | _aHOUSE REPAIRS | ||
| 650 | _aSOCIAL HOUSING | ||
| 690 | _aHOUSING | ||
| 942 | _n0 | ||
| 948 | _c26/08/1998 | ||
| 999 |
_c55691 _d55691 |
||